| Tag |
First Indicator |
Second Indicator |
Subfields |
| LEADER |
00000cgm a2200000Ia 4500 |
| 001 |
in00002787280 |
| 005 |
20151202171812.0 |
| 007 |
vd csaizq |
| 008 |
121115s2012 xxu081 vleng d |
| 020 |
|
|
|a 0788616331
|
| 020 |
|
|
|a 9780788616334
|
| 024 |
1 |
|
|a 030306190099
|
| 028 |
4 |
2 |
|a IFC1900
|b IFC Films
|
| 035 |
|
|
|a (OCoLC)ocn818251807
|
| 035 |
|
|
|a (OCoLC)818251807
|
| 037 |
|
|
|b Midwest Tape
|n http://www.midwesttapes.com
|
| 040 |
|
|
|a TEFMT
|c TEFMT
|d TEF
|d BDX
|d GL9
|d TXA
|d UtOrBLW
|
| 049 |
|
|
|a TXAM
|
| 050 |
|
4 |
|a PN1997
|b .S54 2012
|
| 082 |
0 |
4 |
|a 791.43/72
|2 23
|
| 090 |
|
|
|a PN1995.9.C55
|b S6225 2012
|
| 245 |
0 |
0 |
|a Sleepwalk with me /
|c IFC Films presents a Bedrocket Entertainment and Official Comedy presentation in association with WBEZ Chicago's This American Life and Secret Public Productions ; Sleepwalkers Anonymous ; produced by Ira Glass & Jacob Jaffke ; screenplay by Mike Birbiglia [and others] ; director, Mike Birbiglia, Seth Barrish.
|
| 264 |
|
1 |
|a New York :
|b IFC Films,
|c [2012]
|
| 300 |
|
|
|a 1 videodisc (81 min.) :
|b sound, color ;
|c 4 3/4 in.
|
| 336 |
|
|
|a two-dimensional moving image
|b tdi
|2 rdacontent
|
| 337 |
|
|
|a video
|b v
|2 rdamedia
|
| 338 |
|
|
|a videodisc
|b vd
|2 rdacarrier
|
| 538 |
|
|
|a Blu-ray, region A, 1.85:1 anamorphic widescreen, DTS-HD 5.1 master audio; requires Blu-ray player.
|
| 546 |
|
|
|a English dialogue with optional Spanish subtitles; English subtitles for the deaf and hard of hearing (SDH).
|
| 500 |
|
|
|a Title from container.
|
| 511 |
1 |
|
|a Mike Birbiglia, Lauren Ambrose, Cristin Milioti, James Rebhorn, Carol Kane.
|
| 508 |
|
|
|a Director of photography, Adam Beckman ; editor, Geoffrey Richman ; music, Andrew Hollander.
|
| 500 |
|
|
|a Additional screenplay writers: Ira Glass, Joe Birbiglia, Seth Barrish.
|
| 521 |
8 |
|
|a MPAA rating: PG-13, for some sexual content and brief language.
|
| 520 |
|
|
|a A burgeoning stand-up comedian struggles with the stress of a stalled career, a stale relationship, and the wild spurts of severe sleepwalking he is desperate to ignore.
|
| 500 |
|
|
|a Bonus features: Q&A with Ira Glass & Mike Birbiglia moderated by Joss Whedon at the Writers Guild Foundation; making of; outtakes; behind the scenes shorts; trailer; commentary with Mike Birbiglia & Ira Glass.
|
| 500 |
|
|
|a Videorecording.
|
| 650 |
|
0 |
|a Comedians
|v Drama.
|
| 650 |
|
0 |
|a Sleepwalking
|v Drama.
|
| 650 |
|
0 |
|a Man-woman relationships
|v Drama.
|
| 655 |
|
7 |
|a Comedy films.
|2 lcgft
|
| 655 |
|
7 |
|a Feature films.
|2 lcgft
|
| 655 |
|
7 |
|a Fiction films.
|2 lcgft
|
| 655 |
|
7 |
|a Video recordings for the hearing impaired.
|2 lcgft
|
| 700 |
1 |
|
|a Glass, Ira.
|
| 700 |
1 |
|
|a Birbiglia, Mike.
|
| 700 |
1 |
|
|a Barrish, Seth.
|
| 700 |
1 |
|
|a Jaffke, Jacob.
|
| 700 |
1 |
|
|a Birbiglia, Joe.
|
| 700 |
1 |
|
|a Ambrose, Lauren,
|d 1978-
|
| 700 |
1 |
|
|a Milioti, Cristin,
|d 1985-
|
| 700 |
1 |
|
|a Rebhorn, James,
|d 1948-2014.
|
| 700 |
1 |
|
|a Kane, Carol,
|d 1952-
|
| 710 |
2 |
|
|a Sleepwalkers Anonymous (Firm)
|
| 710 |
2 |
|
|a Official Comedy (Firm)
|
| 710 |
2 |
|
|a Bedrock Entertainment (Firm)
|
| 710 |
2 |
|
|a Secret Public Productions.
|
| 710 |
2 |
|
|a IFC Films.
|
| 994 |
|
|
|a C0
|b TXA
|
| 948 |
|
|
|a cataloged
|b h
|c 2012/12/19
|d c
|e blrosas
|f 12:00:24 pm
|
| 999 |
|
|
|a MARS
|
| 999 |
f |
f |
|s 3518f881-3fc0-3c52-8d81-6d9855c54bc0
|i fe833712-257b-3c18-9969-ba2a94338384
|t 0
|
| 952 |
f |
f |
|p bluray
|a Texas A&M University
|b College Station
|c Sterling C. Evans Library
|d Evans: Media and Reserves (Annex 1st floor)
|t 0
|e PN1995.9.C55 S6225 2012
|h Library of Congress classification
|i video -- videodisc
|m A14841655510
|
| 998 |
f |
f |
|a PN1995.9.C55 S6225 2012
|t 0
|l Evans: Media and Reserves (Annex 1st floor)
|